[Event "XXV OOM - Mistrzostwa Polski Juniorow Mlodszych - Chlopcy do lat 14"]
[Site "Sielpia"]
[Date "1899-12-30"]
[Round "5.15"]
[White "Jozefczyk, Szymon"]
[Black "Wieczorek, Mikolaj"]
[Result "1-0"]
[WhiteTitle "II"]
[BlackTitle "I"]
[WhiteElo "1580"]
[BlackElo "1752"]

1. e4 c5 2. Nf3 d6 3. d3 g6 4. g3 Bg7 5. c3 e5 6. Bg2 Ne7 7. O-O Nbc6 8. Be3 O-O
9. Nh4 Be6 10. Nd2 Qb6 11. Qb1 Rad8 12. f4 exf4 13. gxf4 f5 14. Ndf3 h6 15. Bh3
d5 16. exf5 Bxf5 17. Bxf5 Nxf5 18. Nxf5 gxf5 19. Bf2 Rde8 20. Re1 d4 21. cxd4
Nxd4 22. Bxd4 cxd4 23. Rxe8 Rxe8 24. Qc2 Qg6+ 25. Kf2 Qd6 26. Qc1 Kh7 27. Nh4
Re3 28. Ng2 Rh3 29. Qd1 Qa6 30. Rc1 Qxa2 31. Qe2 Qd5 32. Rc7 Rxh2 33. Kg3 Rh1
34. Qe7 Qg8 35. Qd7 Rh5 36. Nh4 Kh8 37. Ng6+ Kh7 38. Rc8 Qxc8 39. Qxc8 Kxg6 40.
Qe8+ Kf6 41. Qxh5 a5 42. Qf3 1-0

[Event "XXV OOM - Mistrzostwa Polski Juniorow Mlodszych - Chlopcy do lat 14"]
[Site "Sielpia"]
[Date "1899-12-30"]
[Round "5.16"]
[White "Oleksy, Krzysztof"]
[Black "Topola, Rafal"]
[Result "1-0"]
[WhiteTitle "I"]
[BlackTitle "I"]
[WhiteElo "1746"]
[BlackElo "1664"]

1. e4 c6 2. d4 d5 3. exd5 cxd5 4. Nf3 Nc6 5. Ne5 Nxe5 6. dxe5 g6 7. Bb5+ Bd7 8.
Qxd5 Bxb5 9. Qxb5+ Qd7 10. Qxd7+ Kxd7 11. O-O Bg7 12. f4 Nh6 13. Rd1+ Kc6 14.
Nc3 Rhd8 15. Be3 Nf5 16. Bf2 h5 17. Ne4 Bh6 18. g3 a6 19. Kf1 h4 20. g4 Bxf4 21.
gxf5 gxf5 22. Nc3 Rh8 23. h3 Bxe5 24. Bd4 Bxd4 25. Rxd4 Rag8 26. Ne2 e5 27. Rd3
Rh6 28. Rad1 b5 29. Rd7 Rf6 30. Re7 f4 31. Rxe5 f3 32. Nd4+ Kb6 33. Rf5 Rxf5 34.
Nxf5 Rg2 35. Nd4 Rh2 36. Nxf3 Rxc2 37. Rd2 Rc4 38. Kf2 Kc5 39. Ke3 f6 40. Rd3
a5 41. Rc3 Rxc3+ 42. bxc3 Kc4 43. Kd2 a4 44. Nxh4 Kd5 45. Kd3 Ke5 46. Ke3 Kd5
47. Nf3 Kc4 48. Kd2 b4 49. cxb4 Kxb4 50. Kc2 Kc4 51. h4 Kd5 52. Kd3 f5 53. Ke3
Ke6 54. Kf4 Kf6 55. h5 a3 56. Nd4 1-0

[Event "XXV OOM - Mistrzostwa Polski Juniorow Mlodszych - Chlopcy do lat 14"]
[Site "Sielpia"]
[Date "1899-12-30"]
[Round "5.17"]
[White "Goszyk, Bartosz"]
[Black "Paprocki, Antoni"]
[Result "0-1"]
[WhiteTitle "II"]
[BlackTitle "I"]
[WhiteElo "1554"]
[BlackElo "1778"]

1. e4 c5 2. Nf3 a6 3. d4 cxd4 4. Nxd4 Nf6 5. Nc3 e5 6. Nde2 Bc5 7. h3 Qb6 8. Be3
Bxe3 9. fxe3 Qxe3 10. Qd2 Qxd2+ 11. Kxd2 O-O 12. g4 h6 13. Ng3 g6 14. Bc4 b5 15.
Rhf1 Kg7 16. Bd5 Nxd5 17. Nxd5 Nc6 18. Rf6 Nd4 19. Rg1 Bb7 20. Rd6 Nf3+ 21. Ke3
Nxg1 22. h4 Bxd5 23. exd5 Nh3 24. h5 Ng5 25. hxg6 fxg6 26. Rxd7+ Rf7 27. Kd4 0-1

[Event "XXV OOM - Mistrzostwa Polski Juniorow Mlodszych - Chlopcy do lat 14"]
[Site "Sielpia"]
[Date "1899-12-30"]
[Round "5.18"]
[White "Jeda, Maciej"]
[Black "Taranowicz, Michal"]
[Result "1-0"]
[WhiteTitle "I"]
[BlackTitle "II+"]
[WhiteElo "1850"]
[BlackElo "1560"]

1. e4 c5 2. Nf3 d6 3. d4 cxd4 4. Nxd4 a6 5. Nc3 Nc6 6. Be3 Nf6 7. Be2 Bd7 8. Nb3
Rc8 9. O-O b5 10. a3 g6 11. f4 Bg7 12. Bf3 h5 13. h3 Qc7 14. Rf2 h4 15. Rd2 Be6
16. Nd4 Bd7 17. Nxc6 Bxc6 18. Bd4 O-O 19. Qe1 e5 20. Be3 Rfd8 21. Rad1 Rd7 22.
Qxh4 Rcd8 23. Qf2 Rb8 24. fxe5 dxe5 25. Bc5 Qb7 26. Qe3 Kh7 27. Rd3 a5 28. b4
a4 29. g4 Ne8 30. Nd5 Bxd5 31. exd5 Nd6 32. Bxd6 Rxd6 33. Be4 Qd7 34. Rf1 Rf8
35. g5 f5 36. gxf6 Rdxf6 37. Rxf6 Rxf6 38. Qg3 Bh6 39. Rf3 Bf4 40. Qf2 Kg7 41.
c3 g5 42. Kh1 Rh6 43. Qg2 Kh8 44. Kg1 Rh4 45. Kf1 Qc8 46. Ke1 Kg7 47. Rd3 Qc4
48. d6 Rh8 49. d7 Rd8 50. h4 Qe6 51. Bc6 g4 52. Bxb5 g3 53. Bxa4 Qa6 54. Bc2 Qe6
55. Qe4 Qb6 56. Rf3 Qg1+ 57. Rf1 Qh2 58. Qg6+ Kf8 59. Rxf4+ exf4 60. Qf6+ Kg8
61. Qxd8+ Kg7 62. Qg5+ Kf7 63. Bb3+ 1-0

[Event "XXV OOM - Mistrzostwa Polski Juniorow Mlodszych - Chlopcy do lat 14"]
[Site "Sielpia"]
[Date "1899-12-30"]
[Round "5.19"]
[White "Wasik, Mateusz"]
[Black "Madajczak, Piotr"]
[Result "1/2-1/2"]
[WhiteTitle "I"]
[BlackTitle "I"]
[WhiteElo "1729"]
[BlackElo "1549"]

1. e4 d5 2. exd5 Qxd5 3. Nc3 Qd6 4. d4 Nf6 5. h3 c6 6. Nf3 Bf5 7. Bd3 Bxd3 8. Qxd3
e6 9. Bg5 Be7 10. O-O Nbd7 11. Bh4 O-O 12. Bg3 Qb4 13. a3 Qb6 14. b4 a5 15. b5
c5 16. Na4 Qa7 17. Rab1 b6 18. c4 cxd4 19. Nxd4 Nc5 20. Nxc5 Bxc5 21. Nc6 Qb7
22. a4 Rac8 23. Qf3 Rfd8 24. Rbd1 Rxd1 25. Rxd1 Ne8 26. Rd3 f6 27. Qe4 e5 28.
Qf5 Rxc6 29. bxc6 Qxc6 30. Rd7 g6 31. Qd3 Nd6 32. Ra7 Qe4 33. Qd5+ Qxd5 34. cxd5
Ne4 35. Kf1 Nc3 36. f4 exf4 37. Bxf4 Nxd5 38. Bd2 Be3 39. Bxe3 Nxe3+ 40. Kg1 Nc4
1/2-1/2

[Event "XXV OOM - Mistrzostwa Polski Juniorow Mlodszych - Chlopcy do lat 14"]
[Site "Sielpia"]
[Date "1899-12-30"]
[Round "5.20"]
[White "Bancarewicz, Aleks"]
[Black "Matela, Krzysztof"]
[Result "1/2-1/2"]
[WhiteTitle "I"]
[BlackTitle "I"]
[WhiteElo "1701"]
[BlackElo "1540"]

1. e4 c5 2. Nf3 d6 3. d4 cxd4 4. Nxd4 a6 5. c4 e6 6. Nc3 Qc7 7. Be2 b6 8. O-O Bb7
9. Be3 Nd7 10. Qd2 Ngf6 11. f3 Be7 12. Rfc1 O-O 13. a4 Rac8 14. a5 Rfd8 15. Na4
bxa5 16. Nb3 Nc5 17. Nxa5 Nxa4 18. Nxb7 Qxb7 19. Rxa4 d5 20. cxd5 Rxc1+ 21. Qxc1
exd5 22. e5 Nd7 23. Bd4 Rc8 24. Qf1 Bc5 25. Qf2 Bxd4 26. Qxd4 Rc2 27. Bxa6 Qxb2
28. Qxb2 Rxb2 29. Rd4 Nxe5 30. Rxd5 f6 31. h3 Ra2 32. Rd8+ Kf7 33. Ra8 Rb2 34.
Ra7+ Kf8 35. f4 Ng6 36. Ra8+ Ke7 37. Ra7+ Kd6 38. Rxg7 Nxf4 39. Bb7 h5 40. Bf3
Ke6 41. Rc7 Ke5 42. Rc5+ Ke6 43. Rc6+ Kf5 44. Rc5+ Kg6 45. Be4+ Kg7 46. Kh2 h4
47. Rc7+ Kg8 48. Bf3 Rb4 49. Rc2 Nd3 50. Bd5+ Kg7 51. Rc4 f5 52. Rxb4 Nxb4 53.
Bb7 f4 54. Kg1 Nd3 55. Kf1 Kf6 56. Ke2 Ne5 57. Bc8 Ke7 58. Kd2 Kd6 59. Kc3 Kc5
60. Bb7 Nf7 61. Kd3 Ng5 62. Ba8 Kd6 63. Kd4 Ke6 64. Bb7 Kf6 65. Bf3 Nxh3 66. gxh3
Kg7 67. Ke5 Kh8 68. Kf5 Kg7 69. Kg5 Kh8 70. Kxh4 Kg7 71. Kh5 Kh7 72. Kg5 Kg7 73.
h4 Kh8 74. Kg6 Kg8 75. Kh6 Kh8 76. Kg6 Kg8 77. Kf6 Kh8 78. h5 Kh7 79. Kg5 Kg7
80. h6+ Kh7 81. Be4+ Kh8 82. Kg6 f3 83. Bxf3 Kg8 1/2-1/2

[Event "XXV OOM - Mistrzostwa Polski Juniorow Mlodszych - Chlopcy do lat 14"]
[Site "Sielpia"]
[Date "1899-12-30"]
[Round "5.21"]
[White "Skrzypczynski, Kacper"]
[Black "Wysocki, Mateusz"]
[Result "0-1"]
[WhiteTitle "II"]
[BlackTitle "I"]
[WhiteElo "1291"]
[BlackElo "1697"]

1. e4 c5 2. Nf3 a6 3. d4 cxd4 4. Nxd4 Nf6 5. Nc3 e5 6. Nf3 Bb4 7. Bd3 d5 8. Qe2
d4 9. O-O dxc3 10. Nxe5 Nc6 11. Nxc6 bxc6 12. Rd1 Qc7 13. g3 Qb6 14. Be3 Bc5 15.
e5 Nd5 16. Bxc5 Qxc5 17. b3 Be6 18. Bxa6 O-O 19. Bc4 Ra3 20. Bxd5 cxd5 21. Qe1
Bf5 22. Rdc1 Rfa8 23. Kg2 Rxa2 24. Rxa2 Rxa2 25. Ra1 Rxa1 26. Qxa1 h6 27. Qc1
Qd4 28. Qb1 Be4+ 29. Kg1 Qd2 30. b4 Qxc2 31. Qa1 Qb1+ 32. Qxb1 Bxb1 33. b5 c2
34. b6 c1=Q+ 35. Kg2 Be4+ 36. f3 Qc2+ 37. Kh3 Bxf3 38. b7 Qg2+ 0-1

[Event "XXV OOM - Mistrzostwa Polski Juniorow Mlodszych - Chlopcy do lat 14"]
[Site "Sielpia"]
[Date "1899-12-30"]
[Round "5.22"]
[White "Mocko, Maciej"]
[Black "Lokaj, Bartlomiej"]
[Result "0-1"]
[WhiteTitle "II"]
[BlackTitle "II"]
[WhiteElo "1430"]
[BlackElo "1537"]

1. e4 e5 2. Nf3 Nc6 3. Bc4 Bc5 4. c3 Nf6 5. d4 exd4 6. e5 d5 7. Bb5 Ne4 8. cxd4
Bb6 9. O-O O-O 10. Nc3 Bg4 11. Be3 Bxf3 12. gxf3 Nxc3 13. bxc3 Ne7 14. Bd3 Ng6
15. Kh1 Ba5 16. Qc2 Qd7 17. Rg1 f5 18. Rg5 Ne7 19. Rag1 g6 20. Bf4 Qc6 21. c4
Kh8 22. Qc1 dxc4 23. Bxc4 Qxf3+ 24. R1g2 Nd5 25. Bxd5 Qxd5 26. Qb2 Bb6 27. e6
Bxd4 28. Qd2 Rae8 29. Rxg6 hxg6 30. Be5+ Kh7 31. Qg5 Qxg2+ 32. Qxg2 Bxe5 33. Qxb7
Rxe6 34. Qxa7 Bd6 35. a4 Ree8 36. Qd4 Re4 37. Qa7 Rh4 38. a5 Rxh2+ 39. Kg1 Re8
40. Kf1 Rh1+ 41. Kg2 Ra1 42. a6 Re4 43. Qa8 Rea4 44. Qe8 Rxa6 45. Qf7+ Kh6 46.
Qg8 Ra8 47. Qc4 R1a4 48. Qc1+ Kh7 49. Qh1+ Kg7 50. Qc1 Re8 51. Qc3+ Be5 52. Qc6
Rg4+ 53. Kf3 Re7 54. Qc5 Bf6 55. Qc6 Rge4 56. Qc5 Bd4 57. Qc6 R4e6 58. Qd5 Rd6
59. Qb7 Red7 60. Qc8 c5 61. Ke2 Re7+ 62. Kf3 Rde6 63. Qd8 Re2 64. Qd5 Rxf2+ 65.
Kg3 Rd2 66. Kh4 Bf6+ 67. Kg3 Rxd5 0-1

[Event "XXV OOM - Mistrzostwa Polski Juniorow Mlodszych - Chlopcy do lat 14"]
[Site "Sielpia"]
[Date "1899-12-30"]
[Round "5.23"]
[White "Sieczkowski, Adam"]
[Black "Wnek, Filip"]
[Result "1-0"]
[WhiteTitle "I+"]
[BlackTitle "I+"]
[WhiteElo "1638"]
[BlackElo "1733"]

1. Nf3 f5 2. g3 Nf6 3. Bg2 g6 4. O-O Bg7 5. d3 O-O 6. Nbd2 d6 7. e4 e5 8. b4 c6
9. Bb2 Qc7 10. c4 Re8 11. Qb3 Kh8 12. c5 dxc5 13. bxc5 Nbd7 14. Qc4 Qa5 15. Ng5
Re7 16. Nf7+ Rxf7 17. Nb3 Qb5 18. Qxf7 fxe4 19. dxe4 Nf8 20. Bxe5 Be6 21. Qe7
Re8 22. Qd6 Kg8 23. Rfb1 N8d7 24. Nd4 Qxc5 25. Nxe6 Qxd6 26. Bxd6 Rxe6 27. e5
Ng4 28. Rxb7 Ndxe5 29. Bxe5 Nxe5 30. Rd1 Bf8 31. Rxa7 Ng4 32. Bh3 h5 33. Bxg4
hxg4 34. Ra4 Re2 35. Rc1 c5 36. Rcc4 Kg7 37. Rxg4 Rc2 38. Ra6 c4 39. Rgxg6+ Kf7
40. Rgc6 Rc1+ 41. Kg2 c3 42. Rc7+ Kg8 43. Ra8 c2 44. Rac8 Rd1 45. Rxc2 Rd5 46.
Ra8 Rf5 47. Rcc8 Rf6 48. a4 Rf5 49. a5 Rf6 50. Rxf8+ Rxf8 51. Rxf8+ Kxf8 52. a6
Kf7 53. a7 Ke7 54. a8=Q Kf7 55. Qc6 Ke7 56. Kf3 Kf7 57. Ke4 1-0

[Event "XXV OOM - Mistrzostwa Polski Juniorow Mlodszych - Chlopcy do lat 14"]
[Site "Sielpia"]
[Date "1899-12-30"]
[Round "5.24"]
[White "Kossowski, Pawel"]
[Black "Szafranski, Maciej"]
[Result "1-0"]
[WhiteTitle "II+"]
[BlackTitle "II+"]
[WhiteElo "1589"]
[BlackElo "1503"]

1. e4 c5 2. Nf3 d6 3. d4 cxd4 4. Nxd4 Nf6 5. Nc3 a6 6. Bg5 e6 7. f4 Be7 8. Qf3
Nbd7 9. O-O-O Qc7 10. g4 b5 11. Bxf6 Nxf6 12. g5 Nd7 13. f5 e5 14. f6 Bxf6 15.
gxf6 Nxf6 16. Nf5 Bxf5 17. Qxf5 Qc5 18. Bd3 b4 19. Ne2 a5 20. Rhg1 Kf8 21. Rdf1
Qe3+ 22. Kb1 Qh6 23. Qg5 Qg6 24. Qh4 Qh5 25. Qxh5 Nxh5 26. Bc4 Nf6 27. Ng3 Rc8
28. Bb3 Rg8 29. Rd1 Rd8 30. Rd3 h5 31. Re1 g6 32. Rf1 a4 33. Rxf6 axb3 34. Rfxd6
bxc2+ 35. Kxc2 Rc8+ 36. Kb3 Ke7 37. Rd7+ 1-0

[Event "XXV OOM - Mistrzostwa Polski Juniorow Mlodszych - Chlopcy do lat 14"]
[Site "Sielpia"]
[Date "1899-12-30"]
[Round "5.25"]
[White "Blazniak, Bartlomiej"]
[Black "Szlosarczyk, Hubert"]
[Result "0-1"]
[WhiteTitle "I"]
[BlackTitle "II+"]
[WhiteElo "1518"]
[BlackElo "1620"]

1. d4 Nf6 2. Bg5 e6 3. e4 h6 4. Bxf6 Qxf6 5. e5 Qd8 6. Nf3 c5 7. d5 Qb6 8. dxe6
dxe6 9. Qc1 Bd7 10. Be2 Bc6 11. O-O Nd7 12. Re1 Qc7 13. Qe3 O-O-O 14. Nc3 a6 15.
Qf4 f5 16. Bc4 Re8 17. h4 b5 18. Bf1 Be7 19. Rad1 Reg8 20. Qe3 g5 21. h5 g4 22.
Nd2 Rg5 23. Nb3 Rxh5 24. g3 Rh1# 0-1

[Event "XXV OOM - Mistrzostwa Polski Juniorow Mlodszych - Chlopcy do lat 14"]
[Site "Sielpia"]
[Date "1899-12-30"]
[Round "5.26"]
[White "Wojtasik, Szymon"]
[Black "Dembicki, Karol"]
[Result "1-0"]
[WhiteTitle "II"]
[BlackTitle "II"]
[WhiteElo "1379"]
[BlackElo "1316"]

1. e4 e5 2. Nf3 Nc6 3. d4 exd4 4. Nxd4 Bc5 5. Be3 Qf6 6. c3 Nge7 7. Bc4 Ne5 8.
Be2 Qg6 9. O-O d5 10. Bh5 Qxe4 11. Nd2 Qd3 12. Re1 N5g6 13. Be2 Bg4 14. Bxd3 Bxd1
15. Raxd1 O-O-O 16. Nf5 Bxe3 17. Nxe7+ Nxe7 18. Rxe3 Ng6 19. Bxg6 hxg6 20. Nf3
f6 21. Re7 Rhg8 22. Rde1 Rd7 23. Re8+ Rxe8 24. Rxe8+ Rd8 25. Rxd8+ Kxd8 26. Kf1
Ke7 27. Ke2 c5 28. Kd3 Ke6 29. a3 b6 30. b4 Kd6 31. Nh4 a5 32. b5 g5 33. Nf5+
Ke5 34. Nxg7 d4 35. cxd4+ cxd4 36. g3 f5 37. f3 Kd5 38. Ke4+ 1-0

[Event "XXV OOM - Mistrzostwa Polski Juniorow Mlodszych - Chlopcy do lat 14"]
[Site "Sielpia"]
[Date "1899-12-30"]
[Round "6.1"]
[White "Luczak, Filip"]
[Black "Iwaszkiewicz, Krzysztof"]
[Result "1-0"]
[WhiteTitle "CM"]
[BlackTitle "I"]
[WhiteElo "2071"]
[BlackElo "1651"]

1. c4 c5 2. Nc3 Nc6 3. g3 g6 4. Bg2 Bg7 5. e3 e6 6. Nge2 Ne5 7. d3 d6 8. d4 Nd7
9. dxc5 Nxc5 10. Nb5 Ke7 11. Rb1 a6 12. Nbc3 a5 13. e4 Nf6 14. O-O Re8 15. Nd4
Bd7 16. Re1 Kf8 17. Ndb5 Bxb5 18. Nxb5 Ra6 19. b3 Kg8 20. Ba3 Qb6 21. Qxd6 Qxd6
22. Nxd6 Rxd6 23. Bxc5 Rd2 24. e5 Ng4 25. Bxb7 Nxe5 26. Rbd1 Rxa2 27. f4 Ng4 28.
h3 Nf6 29. Bf2 h5 30. c5 Rb8 31. c6 Ne8 32. Ba7 Bf8 33. Bxb8 Bc5+ 34. Kh1 h4 35.
c7 hxg3 36. Bg2 1-0

[Event "XXV OOM - Mistrzostwa Polski Juniorow Mlodszych - Chlopcy do lat 14"]
[Site "Sielpia"]
[Date "1899-12-30"]
[Round "6.2"]
[White "Kacprzak, Kacper"]
[Black "Luberanski, Jakub"]
[Result "0-1"]
[WhiteTitle "I"]
[BlackTitle "I+"]
[WhiteElo "1841"]
[BlackElo "2023"]

1. e4 e5 2. Nf3 Nc6 3. Bb5 a6 4. Ba4 Nf6 5. O-O Be7 6. d4 exd4 7. e5 Ne4 8. Re1
Nc5 9. Bxc6 dxc6 10. Nxd4 Ne6 11. Nf5 Qxd1 12. Rxd1 Bf8 13. Be3 g6 14. Ng3 Bg7
15. f4 Bh6 16. Ne2 Ke7 17. Nbc3 Bg7 18. Ne4 h5 19. a4 a5 20. c4 Bd7 21. N2c3 Rad8
22. Kf2 Bc8 23. Ne2 Rxd1 24. Rxd1 Rd8 25. Rxd8 Kxd8 26. Bd2 b6 27. Bc3 Bf8 28.
Kf3 Nc5 29. Nxc5 Bg4+ 30. Ke3 Bxc5+ 31. Kd2 h4 32. Nd4 Kd7 33. h3 Bh5 34. f5 gxf5
35. Nxf5 Bf2 36. Ne3 Ke6 37. c5 Bg3 38. cxb6 cxb6 39. Nc4 Bf2 40. Ne3 Bg6 41.
Ke2 Bg3 42. Nc4 Be4 43. Nxb6 Bxg2 44. Bxa5 Bxh3 45. Kf3 Kf5 46. Nc4 Bg4+ 47. Kg2
Bf4 48. Nd2 h3+ 49. Kh1 Bxe5 50. Bb6 Bxb2 51. Nf1 Ke4 52. a5 Bc8 53. Ng3+ Kd5
54. Ne2 Kc4 55. Nf4 Kb5 56. Ne2 Bg4 57. Nd4+ Bxd4 58. Bxd4 Kxa5 59. Be5 Kb5 60.
Kg1 Kc4 0-1

[Event "XXV OOM - Mistrzostwa Polski Juniorow Mlodszych - Chlopcy do lat 14"]
[Site "Sielpia"]
[Date "1899-12-30"]
[Round "6.3"]
[White "Turski, Bartlomiej"]
[Black "Poltorak, Sebastian"]
[Result "0-1"]
[WhiteTitle "I"]
[BlackTitle "I+"]
[WhiteElo "1982"]
[BlackElo "1962"]

1. e4 c5 2. Nf3 Nc6 3. d4 cxd4 4. Nxd4 Nf6 5. Nc3 e5 6. Ndb5 d6 7. Bg5 a6 8. Na3
b5 9. Bxf6 gxf6 10. Nd5 f5 11. Bd3 Be6 12. O-O Bg7 13. Qh5 f4 14. c4 b4 15. Nc2
Rb8 16. b3 Bxd5 17. exd5 Ne7 18. Rad1 Ng6 19. Ne1 Qh4 20. Qf5 Ne7 21. Qh3 Qxh3
22. gxh3 f5 23. c5 e4 24. cxd6 Nc8 25. Bxa6 Nxd6 26. Nc2 Bc3 27. Nd4 Bxd4 28.
Rxd4 Ra8 29. Bc4 Rg8+ 30. Kh1 Rxa2 31. Rdd1 Nxc4 32. bxc4 f3 33. c5 Rg2 34. c6
Raxf2 35. Rxf2 Rxf2 36. Rg1 Rc2 37. Ra1 b3 38. Ra8+ Ke7 39. Ra7+ Kf6 0-1

[Event "XXV OOM - Mistrzostwa Polski Juniorow Mlodszych - Chlopcy do lat 14"]
[Site "Sielpia"]
[Date "1899-12-30"]
[Round "6.4"]
[White "Chyzy, Jakub"]
[Black "Dzida, Kamil"]
[Result "1-0"]
[WhiteTitle "k"]
[BlackTitle "I++"]
[WhiteElo "2140"]
[BlackElo "1877"]

1. e4 e5 2. Nf3 Nc6 3. Nc3 Nf6 4. a3 d6 5. d4 Bg4 6. Bb5 exd4 7. Qxd4 Nd7 8. Qe3
Be7 9. Bxc6 bxc6 10. Nd4 Ne5 11. f4 c5 12. fxe5 cxd4 13. Qxd4 dxe5 14. Qxe5 O-O
15. O-O Rb8 16. Qg3 Bh5 17. Kh1 Re8 18. Bf4 Rxb2 19. Nd5 Rxc2 20. Bxc7 Qd7 21.
Be5 Bg6 22. Rad1 Qc6 23. Nxe7+ Rxe7 24. Rd6 Qb5 25. Rd8+ Re8 26. Qd3 Bxe4 27.
Qxb5 Rxd8 28. Qb3 Rf8 29. Rg1 Rfc8 30. Qe3 Bg6 31. Qxa7 h5 32. h3 Re2 33. Bd4
Be4 34. Qa5 Bg6 35. Re1 Ra2 36. Qe5 1-0

[Event "XXV OOM - Mistrzostwa Polski Juniorow Mlodszych - Chlopcy do lat 14"]
[Site "Sielpia"]
[Date "1899-12-30"]
[Round "6.5"]
[White "Czernek, Tymon"]
[Black "Karolczuk, Iwo"]
[Result "0-1"]
[WhiteTitle "I++"]
[BlackTitle "I++"]
[WhiteElo "2050"]
[BlackElo "2055"]

1. e4 c5 2. Nf3 e6 3. d3 Nc6 4. g3 Nf6 5. Bg2 g6 6. O-O Bg7 7. c3 O-O 8. Re1 e5
9. a3 d6 10. h3 Re8 11. Be3 h6 12. b4 b6 13. Nbd2 Bb7 14. Rb1 Qd7 15. Qc2 Rac8
16. Qb2 Ba8 17. Rbd1 Qc7 18. Qb1 cxb4 19. axb4 d5 20. Nb3 dxe4 21. dxe4 Nd8 22.
Nfd2 Ne6 23. c4 Bf8 24. Nc1 Red8 25. Na2 Qe7 26. Qb2 Nd4 27. Rb1 Nc6 28. g4 Qe6
29. Rec1 Rd7 30. Rc2 Rcd8 31. Re1 Qe7 32. c5 bxc5 33. Bxc5 Qe6 34. Nb3 Rd1 35.
Rc1 Rxe1+ 36. Rxe1 Nd7 37. Bxf8 Nxf8 38. Nc5 Qe7 39. Nc3 Rb8 40. Na6 Rd8 41. Nd5
Qg5 42. Nac7 Bb7 43. Rd1 Ne6 44. Nb5 h5 45. Qd2 Qxd2 46. Rxd2 hxg4 47. hxg4 Kg7
48. Rb2 Ned4 49. Nbc3 Ra8 50. Ra2 Nd8 51. Bf1 N8e6 52. b5 Ng5 53. Bd3 Ngf3+ 54.
Kf1 Rh8 55. Rxa7 Rh1+ 56. Kg2 Rg1+ 57. Kh3 Ng5+ 0-1

[Event "XXV OOM - Mistrzostwa Polski Juniorow Mlodszych - Chlopcy do lat 14"]
[Site "Sielpia"]
[Date "1899-12-30"]
[Round "6.6"]
[White "Ochedzan, Tymon"]
[Black "Oleksy, Krzysztof"]
[Result "1/2-1/2"]
[WhiteTitle "CM"]
[BlackTitle "I"]
[WhiteElo "2090"]
[BlackElo "1746"]

1. e4 e5 2. Nf3 Nc6 3. Bb5 g6 4. O-O Bg7 5. c3 d6 6. h3 Bd7 7. d4 Nge7 8. Be3 O-O
9. Nbd2 a6 10. Ba4 Qc8 11. Bb3 Na5 12. Bc2 Bb5 13. Re1 Nc4 14. Nxc4 Bxc4 15. b3
Be6 16. dxe5 dxe5 17. Ng5 Bd7 18. Qe2 h6 19. Nf3 Rd8 20. Bc5 Nc6 21. Bd3 Be6 22.
Rad1 Rd7 23. Bc4 Bxc4 24. Qxc4 Qe8 25. Rd5 Rad8 26. Red1 Rxd5 27. Rxd5 Rxd5 28.
Qxd5 Qd8 29. Kf1 Qxd5 30. exd5 Nb8 31. Nd2 Nd7 32. Be7 Bf8 33. Bd8 Bd6 34. Ne4
Kf8 35. Nxd6 cxd6 36. Ba5 Ke7 37. Ke2 f5 38. c4 b6 39. Bd2 h5 40. Bg5+ Ke8 41.
f3 Nc5 42. Be3 a5 43. Kd2 Kd8 44. Kc3 Kc7 45. Kd2 Kd7 46. Ke2 Ke7 47. Bg5+ Ke8
48. Kd2 Kd7 49. Kc3 Kc7 50. Be3 Kb7 51. a3 Nd7 52. b4 axb4+ 53. axb4 Kc7 54. h4
b5 55. cxb5 Nb6 56. Bxb6+ Kxb6 57. Kc4 e4 58. fxe4 fxe4 59. Kd4 Kxb5 60. Kxe4
Kxb4 61. Kf4 Kc4 62. Kg5 Kxd5 63. Kxg6 Ke4 64. Kxh5 d5 65. Kg6 d4 66. h5 d3 67.
h6 d2 68. h7 d1=Q 69. h8=Q Qg4+ 70. Kf6 Qf5+ 71. Ke7 Qe5+ 72. Qxe5+ Kxe5 1/2-1/2

[Event "XXV OOM - Mistrzostwa Polski Juniorow Mlodszych - Chlopcy do lat 14"]
[Site "Sielpia"]
[Date "1899-12-30"]
[Round "6.7"]
[White "Dziendziel, Mateusz"]
[Black "Kacprzak, Karol"]
[Result "1/2-1/2"]
[WhiteTitle "II+"]
[BlackTitle "I+"]
[WhiteElo "1684"]
[BlackElo "1910"]

1. e4 c5 2. Nf3 d6 3. d4 cxd4 4. Nxd4 Nf6 5. Nc3 a6 6. Bg5 e6 7. f4 h6 8. Bh4 Qb6
9. Qd2 Nbd7 10. Be2 Be7 11. Bf2 Qc7 12. Bf3 Nb6 13. O-O-O Bd7 14. Qd3 Rc8 15.
e5 dxe5 16. fxe5 Nfd5 17. Nxd5 Nxd5 18. Bxd5 exd5 19. e6 Bxe6 20. Nxe6 fxe6 21.
Qg6+ Kd7 22. Rhe1 Qf4+ 23. Kb1 Rc6 24. Qxg7 Rf8 25. Be3 Qf5 26. Rc1 h5 27. Bd4
Rf7 28. Qg3 Rc4 29. Qe5 Qxe5 30. Bxe5 Rf2 31. Rf1 Rxg2 32. Rf7 Ke8 33. Rh7 Re4
34. Bb8 h4 35. a3 Ree2 36. b4 b5 37. h3 Ref2 38. Re1 Rf7 39. Rh6 Rf6 40. Rxh4
Kd7 41. Rh7 Rfg6 42. Be5 Ke8 43. Rh8+ Rg8 44. Rh6 Rg1 45. Rxg1 Rxg1+ 46. Kb2 Re1
47. Bc3 Re2 48. Rh8+ Kd7 49. Rh5 Bd6 50. h4 e5 51. Kc1 d4 52. Bd2 e4 53. Kd1 Rh2
54. Rd5 Rxh4 55. Rxd4 Ke6 56. Be3 Rh1+ 57. Ke2 Rh2+ 58. Kd1 Rh1+ 59. Ke2 Ke5 1/2-1/2

[Event "XXV OOM - Mistrzostwa Polski Juniorow Mlodszych - Chlopcy do lat 14"]
[Site "Sielpia"]
[Date "1899-12-30"]
[Round "6.8"]
[White "Kaliszuk, Kamil"]
[Black "Grzesik, Gracjan"]
[Result "1/2-1/2"]
[WhiteTitle "I"]
[BlackTitle "I"]
[WhiteElo "1674"]
[BlackElo "1904"]

1. e4 c5 2. Nc3 Nc6 3. Nge2 d6 4. d4 cxd4 5. Nxd4 Nf6 6. Be2 e5 7. Nb3 Be7 8. Be3
O-O 9. f3 Be6 10. Nd5 Bxd5 11. exd5 Na5 12. O-O Nxb3 13. axb3 Qc7 14. c4 a5 15.
Bd3 g6 16. f4 exf4 17. Bxf4 Nd7 18. Qd2 Rfe8 19. Qf2 Bf6 20. Bd2 Qc5 21. Qxc5
dxc5 22. Rxa5 Rxa5 23. Bxa5 Bd4+ 24. Kh1 Bxb2 25. Re1 Be5 26. Bc7 Kg7 27. g3 f5
28. Bf1 Kf7 29. Bxe5 Rxe5 30. Rxe5 Nxe5 31. Be2 Kf6 32. Kg2 Nf7 33. Kf3 Ke5 34.
Ke3 Nd6 35. Bf3 b6 36. Bg2 g5 37. Bf3 h6 38. Bg2 f4+ 39. gxf4+ gxf4+ 40. Kd3 Nf5
41. Bf3 Nd4 42. Bd1 Nf5 43. Bf3 Nd4 44. Bd1 Nf5 45. Bf3 Nd6 46. Bg4 Ne4 47. Bf3
Nf6 48. Bd1 Ne8 49. Bf3 Nd6 50. Bg4 Nf7 51. Bh5 Ng5 52. Bg4 Ne4 53. Bf3 Nf6 54.
Bd1 Ne8 55. Bf3 Nd6 56. Bg4 Nf7 57. Bh5 Ng5 58. Bg4 Ne4 59. Bf3 Nd6 60. Bg4 Ne4
61. Bf3 Nf2+ 62. Ke2 Nh3 63. Bg4 Ng5 64. Kd3 Ne4 65. Bf3 Nd6 66. Bg4 1/2-1/2

[Event "XXV OOM - Mistrzostwa Polski Juniorow Mlodszych - Chlopcy do lat 14"]
[Site "Sielpia"]
[Date "1899-12-30"]
[Round "6.9"]
[White "Babiarz, Arkadiusz"]
[Black "Jozefczyk, Szymon"]
[Result "1/2-1/2"]
[WhiteTitle "I++"]
[BlackTitle "II"]
[WhiteElo "1839"]
[BlackElo "1580"]

1. e4 c5 2. Nf3 d6 3. c3 Nf6 4. Qc2 e6 5. d4 cxd4 6. cxd4 Nbd7 7. Nc3 Qc7 8. Bd3
Be7 9. Bf4 e5 10. Be3 a6 11. a4 b6 12. O-O O-O 13. Rfc1 Qd8 14. b4 Bb7 15. d5
Rc8 16. Qe2 Nb8 17. Rab1 Nfd7 18. Nd2 g6 19. Nf1 Kh8 20. Ng3 f6 21. Qg4 Qe8 22.
Nd1 Rxc1 23. Rxc1 Qd8 24. Qe2 Re8 25. Qc2 Qc8 26. Nb2 Kg7 27. Qxc8 Rxc8 28. Rxc8
Bxc8 29. Nc4 b5 30. axb5 axb5 31. Na3 Na6 32. Bd2 Nb6 33. Nxb5 f5 34. f3 fxe4
35. fxe4 Kf7 36. Na7 Bb7 37. Nc6 Nc7 38. Nxe7 Kxe7 39. Ne2 Na4 40. Bc1 Bc8 41.
Ba3 Bd7 42. Bc2 Nb6 43. Nc3 Nb5 44. Nxb5 Bxb5 45. Bc1 Kd7 46. Kf2 Ke7 47. Be3
Nc4 48. Bd3 Nxe3 49. Kxe3 Be8 50. b5 Kd7 51. b6 Kc8 52. Ba6+ Kb8 53. Kd3 Ba4 54.
Kc3 Bd7 55. Kb4 Be8 56. Bb5 Bf7 57. Bd7 Kb7 58. Ka5 g5 59. g4 h6 60. Bc6+ Kb8
61. Bb5 Bg6 62. Bd3 Kb7 63. Ba6+ Kb8 64. Kb5 Be8+ 65. Kc4 Bg6 66. Kd3 Bh7 67.
Ke3 Bg6 68. Kf3 Bh7 69. h4 gxh4 70. Bd3 Kb7 71. Kg2 Kxb6 72. Kh3 Kc5 73. Kxh4
Kd4 74. Ba6 1/2-1/2

[Event "XXV OOM - Mistrzostwa Polski Juniorow Mlodszych - Chlopcy do lat 14"]
[Site "Sielpia"]
[Date "1899-12-30"]
[Round "6.10"]
[White "Wojdak, Jan"]
[Black "Wilk, Igor"]
[Result "0-1"]
[WhiteTitle "I"]
[BlackTitle "I"]
[WhiteElo "1834"]
[BlackElo "1669"]

1. e4 e6 2. d4 d5 3. Nd2 c5 4. exd5 Qxd5 5. Ngf3 cxd4 6. Bc4 Qd6 7. O-O Nf6 8.
Nb3 Nc6 9. Nbxd4 Nxd4 10. Nxd4 a6 11. c3 Qc7 12. Bb3 Bd6 13. h3 Bd7 14. Qf3 O-O-O
15. Be3 Bh2+ 16. Kh1 Be5 17. a4 Bxd4 18. Bxd4 Bc6 19. Qe2 Nd5 20. Bxd5 Bxd5 21.
Qe3 Qc6 22. Qg3 f6 23. f4 h5 24. b4 h4 25. Qf2 Rh6 26. b5 Qc4 27. Qc2 f5 28. bxa6
Qxa6 29. Rf2 Rg6 30. Qe2 Rxg2 31. Qxa6 Rxf2+ 32. Kg1 Rg2+ 33. Kf1 bxa6 34. Rb1
Rh2 35. Rb6 Rxh3 36. Rxa6 Bc4+ 0-1